Statistiques concernant Pays ayant gagné l'euro

Cliquez ici pour prendre le quiz!

Statistiques générales

  • Ce quiz a été pris 77 fois
  • Le résultat moyen est 13 sur 15

Statistiques - réponses

Hint Answer % Correct
2000France
100%
1984France
100%
1964Espagne
99%
2008Espagne
99%
2012Espagne
99%
1972R.F.A
97%
1980R.F.A
97%
1996Allemagne
97%
2016Portugal
94%
1968Italie
90%
2004Grèce
81%
1960U.R.S.S
75%
1988Pays-Bas
67%
1992Danemark
58%
1976Tchécoslovaquie
39%

Distribution des résultats

Percentile by Number Answered

% des personnes avec chaque résultat

Votre développement - résultats

Vous n’avez pas pris ce quiz